Animal characters from books Quiz Stats

 Plays Quiz not verified by Sporcle

Also try: Baddies in Books
Challenge
Share
Tweet
Embed
Score 0/9 Timer 04:00
0 Plays Today
Animal Character Book % Correct
Wilbur???
82.9%
Toto???
82.9%
Nana???
73.2%
Major???
43.9%
Captain Flint???
31.7%
Joey???
14.6%
Kes???
12.2%
Pilot???
9.8%
Silver Blaze???
9.8%

You're not logged in!

Compare scores with friends on all Sporcle quizzes.
OR
Log In

You Might Also Like...

Show Comments

Extras

Top Quizzes Today


Score Distribution

Your Account Isn't Verified!

In order to create a playlist on Sporcle, you need to verify the email address you used during registration. Go to your Sporcle Settings to finish the process.

Report this User

Report this user for behavior that violates our Community Guidelines.

Details: